Acteurs par lettre : O - Statistiques

Statistiques générales
  • Ce quiz a été pris 48 fois
  • Le résultat moyen est 3 sur 9
Statistiques - réponses
Films / Séries Années Acteurs % Correct
Mercredi / Miller's Girl 2002- Jenna Ortega
71%
Camping Paradis / L'Archer Noir 1980- Laurent Ournac
55%
Léon / Darkest Hours 1958- Gary Oldman
48%
Astérix et Obélix : L'Empire du milieu / Comment c'est loin 1982- Orelsan
48%
Le Labyrinthe / American Assassin 1991- Dylan O'Brien
43%
Wanda Vision / OldBoy 1989- Elizabeth Olsen
38%
Maman, j'ai raté l'avion / Bienvenue à Schitt's Creek 1954- Catherine O'Hara
17%
Sinners / Invincibles 1990- Jack O'Connell
12%
Widow Cliquot / La Roue du temps 1986- Natasha O'Keeffe
2%
Aucun quiz correspondant
Distribution des résultats
% des personnes avec chaque résultat
Percentile par nombre de réponses
Votre historique - résultats
Vous n’avez pas pris ce quiz